000 00400nam a2200157 a 4500
005 20140414131906.0
008 100928s19uu xx 00 eng d
050 _aFIC
_bW58 1952
100 _aWhite, E. B.
245 _aCharlotte's web.
260 _aNew York :
_bHarper Collins,
_c1952.
500 _aWinner of the Newberry Honor Medal
999 _c110938
_d110938